00639nam a2200205Ia 4500001002500000003000900025008004100034040002300075041001300098100002200111245003700133250001500170260002600185300001900211490001900230500001400249501012400263520002700387700001900414956.94-MAZ gi pa (21061)IT-MiSPE171229s9999||||xx |||||||||||||| ||und|| aIT-MiSPEcIT-MiSPE aITALIANO aGianluca Mazzini  0aPalestinabLo Stato impossibile? a1a ed. (v) aMilanobPaolinec2010 a262 p. c21 cm aLibrotecav113 aPalestina aEdizioni San Paolo srl - Piazza Soncino, 5 - 20092 CINISELLO BALSAMO (MI) (non commercial uses only) ® Copyright 2018 aJeremy Milgrom (pref.) aJeremy Milgrom